00721cam a22002291 4500001001300000003000400013005001700017008004100034010001700075025002000092035002000112040001700132050001500149100001700164245004600181260010400227300001900331500006400350504002800414650003200442999001700474sa 68018032 DLC20260227112708.0940131s1961 io b 000 0 ind  asa 68018032  aPL480:Indo-4847 a(OCoLC)29712800 aDLCcCUdDLC00aGR320b.D31 aDajoh, M. R.10aIrian Barat pukul tifa,coleh M.R. Dajoh. a[Djakarta]bUrusan Adat Istiadat dan Tjeritera Rakjat, Djawatan Kebudajaan Dep. P.D. dan K.,c1961. a117 p.c21 cm. a"Siaran radio tentang segala sesuatu mengenai Irian Barat." aBibliography: p. 20-21. 0aFolklorezIndonesiaxPapua. c88128d88128